000 00669nam a2200241Ia 4500
003 OSt
005 20220925203548.0
006 a|||||r|||| 00| 0
007 ta
008 220923b |||||||| |||| 00| 0 eng d
037 _cGeneral Book
040 _aRTL
_cRTL
_beng
041 _2eng
_aeng
082 _aX:9-75.3.N7, M0
100 _aSmith A. R.
_9126480
245 0 _aCorporate manpower planning
260 _aEngland
_bGower Press
_c1980
300 _avii, 187p.
_ccm.
490 _aPersonnel Reviews Monograph
650 _aLabour Economics
_921364
942 _hX:9-75.3.N7, M0
_cGB
_2CC
999 _c546969
_d546969